00636nam a2200193Ia 4500001002200000003000900022008004100031040002300072041001300095100002000108245006100128250001500189260003600204300001900240490003300259500001700292501012400309520000900433247-ORS lu sa (13624)IT-MiSPE171229s9999||||xx |||||||||||||| ||und|| aIT-MiSPEcIT-MiSPE aITALIANO aLuciano Orsini  0aLa sacrestia papalebSuppellettili e paramenti liturgici a1a ed. (v) aCinisello B.mobSan Paoloc2000 a239 p. c31 cm aGrandi libri fotograficiv26 aArredi sacri aEdizioni San Paolo srl - Piazza Soncino, 5 - 20092 CINISELLO BALSAMO (MI) (non commercial uses only) ® Copyright 2018 aIll.